000 00771nam a2200253 a 4500
008
020 _a0471031550 (pbk.)
049 _aMAIN
090 0 _aQA76.8.I12
100 1 0 _aBrown, Gary DeWard.
245 1 0 _aSystem/370 job control language /
_cGary DeWard Brown.
250 _a[2nd ed.]
260 0 _aNew York :
_bWiley,
_cc1977.
300 _axiii, 297 p. ;
_c23 cm.
500 _aPublished in 1970 under title: System/360 job control language.
500 _a"A Wiley-Interscience publication."
500 _aIncludes index.
650 0 _aIBM 370 (Computer)
_xProgramming.
907 _a.b10089810
_b29-09-03
_c29-09-03
003
005 20230123133429.0
040 _cNUST
942 _cBOOKS
_kQA76.8.I12
999 _c148447
_d148447